Elizabeth Franzheim (Record no. 7723)

MARC details
000 - LÍDER
campo de control de longitud fija 00921nam a2200205Ia 4500
008 - ELEMENTOS DE DATOS DE LONGITUD FIJA - INFORMACIÓN GENERAL
campo de control de longitud fija 0000001983 fr a 0000000000fre00
090 ## - NÚMERO DE LLAMADA DE TIPO LC LOCALMENTE ASIGNADO (OCLC)
Número de clasificación (OCLC) (R) PUS00 F71e3
100 1# - ENTRADA PRINCIPAL - NOMBRE PERSONAL
Nombre de la persona Franzheim, Elizateth
Fechas asociadas a un nombre 1923
245 13 - TÍTULO DECLARACIÓN
Título Elizabeth Franzheim
Resto del título : oeuvre recent = recent work
Declaración de responsabilidad / translation Jerome Reese ; photographies Bernard Matussiere
260 ## - PUBLICACIÓN, DISTRIBUCIÓN
Lugar de publicación Paris : Galerie d ́Art International
Fecha de publicación 1983
300 ## - DESCRIPCIÓN FÍSICA
Alcance [32] p.
Dimensiones / 21 cm.
500 ## - NOTA GENERAL
Nota general Exposición realizada en la Galerie d'Art International, Chicago, Diciembre 7, 1982 Enero 29, 1983 \ Con el patronazgo de la empresa colombiana PLARESA
600 00 - ENTRADA DE SUJETO AÑADIDO - NOMBRE PERSONAL
Nombre de la persona FRANZHEIM, ELIZABETH, 1923/
Subdivisión general TRABAJOS PICTORICOS
650 14 - ENTRADA DE SUJETO AÑADIDO - TÉRMINO TÓPICO
Término tópico o elemento de entrada del nombre geográfico ARTE CONTEMPORANEO ESTADOUNIDENSE
650 14 - ENTRADA DE SUJETO AÑADIDO - TÉRMINO TÓPICO
Subdivisión general CATALOGOS
650 14 - ENTRADA DE SUJETO AÑADIDO - TÉRMINO TÓPICO
Término tópico o elemento de entrada del nombre geográfico PINTORES ESTADOUNIDENSES
650 14 - ENTRADA DE SUJETO AÑADIDO - TÉRMINO TÓPICO
Término tópico o elemento de entrada del nombre geográfico PINTURA ESTADOUNIDENSE
700 1# - ENTRADA AGREGADA - NOMBRE PERSONAL
Nombre de la persona Reese, Jerome, tr. \ Matussiere, Bernard
Holdings
Estado de retirada Pérdida de estatus Estado dañado No para préstamo Código de recogida Ubicación permanente Ubicación actual Ubicación de las estanterías Fecha de adquisición Número de llamada completo Código de barras Fecha de la última vez que se vio Número de copia Precio efectivo desde Tipo de artículo Koha
        General ArtNexus ArtNexus General 06/09/2022 P-US-00 F71E3 7726 06/09/2022 Ej.1 06/09/2022 Libro

Powered by Koha